000 00918nam a2200253Ia 4500
003 OSt
005 20220930090509.0
006 a|||||r|||| 00| 0
007 ta
008 220926b |||||||| |||| 00| 0 eng d
024 _a117369
037 _cTheses
040 _aCRL
_cCRL
_beng
041 _2eng
_aeng
100 _aTyagi Nikhil
_9542683
110 _aUniversity of Delhi. Faculty of Inter Disciplinary & Applied Sciences. Department of Biochemistry
245 0 _aFolate-mediated targeted delivery of ricin to human epidermoid carcinoma (KB) cells using sterically stabilized liposomes as vehicles
260 _c2011
650 _aBIOCHEMISTRY
700 _a Prof. Phahlad C. Ghosh Gu.
_9542685
700 _aUniversity of Delhi. Faculty of Inter Disciplinary & Applied Sciences. Department of Biochemistry
942 _cDIS
_2CC
999 _c880644
_d880644